000 00693nam a2200253Ia 4500
003 OSt
005 20220918205900.0
006 a|||||r|||| 00| 0
007 ta
008 220917b |||||||| |||| 00| 0 eng d
024 _a118,316
037 _cTextual
040 _aARTS
_cARTS
_beng
041 _2eng
_aeng
082 _aV654.N7, M8
100 _aDiamond Larry
_930751
245 0 _aClass ethnicity and democracy in Nigeria
_b The failure of the first republic
260 _aNA
_bNA
_c1988
300 _axii, 376p.
_ccm.
500 _aBibliography p242-255
650 _aHISTORY
942 _hV654.N7, M8
_cTEXL
_2CC
999 _c241586
_d241586